El testimonio de Médicos con África (CUAMM) en África (Record no. 897099)
[ view plain ]
| 000 -CABECERA | |
|---|---|
| Campo de control de longitud fija | 00447nab a22001457 4500 |
| 003 - IDENTIFICADOR DEL NÚMERO DE CONTROL | |
| Campo de control | ES-SlBCS |
| 005 - FECHA Y HORA DE LA ÚLTIMA TRANSACCIÓN | |
| Campo de control | 20240720133427.0 |
| 008 - CÓDIGOS DE INFORMACIÓN DE LONGITUD FIJA | |
| Campo de control de longitud fija | 240720s2024 sp ||||| |||| 00| 0 spa d |
| 040 ## - FUENTE DE LA CATALOGACIÓN | |
| Centro catalogador del origen | ES-SlBCS |
| Lengua de catalogación | spa |
| 041 ## - CÓDIGO DE LENGUA | |
| Código de lengua del texto/banda sonora o título independiente | spa |
| 100 1# - PUNTO DE ACCESO PRINCIPAL-NOMBRE DE PERSONA | |
| Nombre de persona | Isidoris, Valentina |
| 9 (RLIN) | 426612 |
| 245 1# - MENCIÓN DE TÍTULO | |
| Título | El testimonio de Médicos con África (CUAMM) en África |
| Mención de responsabilidad, etc. | Valentina Isidoris |
| 773 0# - ENLACE AL DOCUMENTO FUENTE | |
| Parte(s) relacionada(s) | Rev. 406, 2024, págs. 47-56 |
| Título | Concilium |
| Número de control del registro relacionado | Rev134 |
| Número Internacional Normalizado para Publicaciones Seriadas (ISSN) | 0210-1041 |
| 942 ## - ENTRADA DE ELEMENTOS AGREGADOS (KOHA) | |
| Fuente de clasificaión o esquema | |
| Koha [por defecto] tipo de item | Artículos de revista |
| Suprimido | Perdido | Fuente de clasificación o esquema | Estropeado | No para préstamo | Localización permanente | Localización actual | Fecha adquisición | Préstamos totales | Fecha última consulta | Fecha del precio de reemplazo | Tipo de item de Koha |
|---|---|---|---|---|---|---|---|---|---|---|---|
| San Esteban | San Esteban | 20/07/2024 | 20/07/2024 | 20/07/2024 | Artículos de revista |
